Rózsa Ádám első mesternégyese

Bibliographic Details
Format: Article
Language:Hungarian
ISSN:1335-7050
Subjects:

MARC

LEADER 00000nab a2200000 a 4500
001 vtls011554444
003 SK-MaSNL
005 20260319070946.0
008 160523c20160521xo d| | 000 0|2hun
015 |a SNBRB2016/05 
038 |a DSZK 
040 |a DSZK  |b slo  |c DSZK  |e AACR2 
041 0 |a hun 
044 |a xo  |c SK 
080 |a 796.332.093.426  |x (437.6)  |2 2011 
245 0 0 |a Rózsa Ádám első mesternégyese  |c [szerző] (ái) 
610 2 7 |a TJ Družstevník Topoľníky  |2 dszk  |9 1088210 
610 2 7 |a FK Slovan Trstená  |2 dszk  |9 1090472 
650 0 7 |a futbalové zápasy  |2 SNKPH  |9 71116 
651 7 |a Topoľníky (Slovensko)  |2 SNKPH  |9 26166 
651 7 |a Trstená (Slovensko)  |2 SNKPH  |9 170148 
773 0 |t Új szó  |g Évf. 69, sz. 118 (2016.5.21), o. 23  |x 1335-7050 
852 |a DSZK  |b KIS3GCP 
958 |a HU 
958 |a SK 
999 |c 1792425  |d 1794355